Statystyki dla Stadiony Mistrzostw Świata 2022

Kliknij tutaj aby rozwiązać quiz!

Ogólne statystyki

  • Ten quiz został rozwiązany 8 razy
  • Średni wynik to 3 z 8

Statystyki odpowiedzi

MiastoStadion (Nazwa)% Poprawnych
LusajlLusail Stadium
83%
DohaStadium 974
50%
Al-ChaurAl Bayt Stadium
33%
DohaAl Thumama Stadium
33%
Al-RajjanEducation City Stadium
33%
Al-RajjanAhmed bin Ali Stadium
17%
Al-WakraAl Janoub Stadium
17%
Al-RajjanKhalifa International Stadium
0%

Rozkład punktacji

Percentyl według liczby udzielonych odpowiedzi

Procent ludzi z każdym wynikiem

Twoja historia wyników

Nie rozwiązałeś tego quizu